=LDR 00000nam 2200000 4500 =001 INLIS000000000008560 =005 20130612100419 =008 ***********************************Ind** =035 ##$$0010-061300000008560 =041 ##$$a Ind =082 ##$$a 372.7 =090 ##$$a 372.7, Muc i =100 ##$$a Muchtar =245 ##$$a IPA 3A, Muchtar =260 ##$$a 2001 $b Jakarta =300 ##$$a 103 hlm, 28 cm =650 ##$$a IPa pend-Dasar